[Event "European Individual Championships"]
[Site "Legnica POL"]
[Date "2013.05.10"]
[EventDate "2013.05.05"]
[Round "6.123"]
[Result "1/2-1/2"]
[White "Betul Cemre Yildiz"]
[Black "Jakub Szostko"]
[WhiteElo "2325"]
[BlackElo "1850"]
[PlyCount "92"]

1. e4 c5 2. Nf3 e6 3. d4 cxd4 4. Nxd4 Nf6 5. Nc3 d6 6. Be3 a6
7. f4 Be7 8. Bd3 Qc7 9. Qf3 Nc6 10. O-O O-O 11. Rae1 Re8
12. Qg3 Nb4 13. Nf3 Nxd3 14. cxd3 Bf8 15. f5 b5 16. fxe6 Bxe6
17. Ng5 Qd8 18. Qh4 h6 19. Nxe6 Rxe6 20. Ne2 Nd7 21. Qg3 Rg6
22. Qh3 Rf6 23. Rxf6 Nxf6 24. Nd4 g6 25. Rf1 Bg7 26. Kh1 h5
27. Qf3 Qe8 28. h3 Nd7 29. Qg3 Qe5 30. Qf2 Rf8 31. b4 Qe8
32. Nf3 Ne5 33. Qe2 Nxf3 34. Rxf3 Qe6 35. Qf2 Rc8 36. Bf4 d5
37. exd5 Qxd5 38. Qe2 Qd4 39. Qe7 Qa1+ 40. Kh2 Qxa2 41. Qa7
Re8 42. Re3 Rxe3 43. Qxe3 Qe6 44. Qa7 Kh7 45. Bg3 Be5 46. Qc5
Bxg3+ 1/2-1/2

[Event "European Individual Championships"]
[Site "Legnica POL"]
[Date "2013.05.11"]
[EventDate "2013.05.05"]
[Round "7.122"]
[Result "1/2-1/2"]
[White "Jorgen Henseler"]
[Black "Betul Cemre Yildiz"]
[WhiteElo "2093"]
[BlackElo "2325"]
[PlyCount "69"]

1. e4 e5 2. Nf3 Nc6 3. Bc4 Nf6 4. Ng5 d5 5. exd5 Na5 6. Bb5+
c6 7. dxc6 bxc6 8. Bd3 Nd5 9. h4 Nf4 10. Bf1 f6 11. Ne4 f5
12. g3 Nd5 13. Ng5 Bc5 14. Bg2 O-O 15. O-O h6 16. d4 exd4
17. Nh3 Rb8 18. Nd2 Ba6 19. Re1 Qd6 20. Nb3 Nxb3 21. axb3 Bc8
22. Nf4 Nc7 23. Nd3 Bb6 24. Bf4 Qf6 25. Be5 Qf7 26. Bxc6 Bb7
27. Qf3 Bxc6 28. Qxc6 Rbc8 29. Qf3 Nd5 30. Re2 Rfe8 31. Rae1
Ba5 32. Ra1 Bb6 33. Rae1 Ba5 34. Ra1 Bb6 35. Rae1 1/2-1/2

[Event "European Individual Championships"]
[Site "Legnica POL"]
[Date "2013.05.13"]
[EventDate "2013.05.05"]
[Round "8.118"]
[Result "1-0"]
[White "Betul Cemre Yildiz"]
[Black "Damian Lewtak"]
[WhiteElo "2325"]
[BlackElo "2224"]
[PlyCount "225"]

1. d4 f5 2. Nf3 Nf6 3. c4 d6 4. g3 g6 5. Bg2 Bg7 6. O-O O-O
7. Nc3 c6 8. Qc2 Qc7 9. e4 fxe4 10. Nxe4 Bf5 11. Nxf6+ exf6
12. Qb3 g5 13. Re1 Qd7 14. Bd2 Na6 15. Re3 Rfe8 16. Rae1 Rxe3
17. Qxe3 Qf7 18. d5 c5 19. Bc3 Nc7 20. Qe7 Qxe7 21. Rxe7 Rc8
22. Nd2 Kf8 23. Re1 Bg6 24. Ne4 Ne8 25. Bh3 Rc7 26. Be6 Re7
27. g4 Bxe4 28. Rxe4 Nc7 29. Bf5 h6 30. Rxe7 Kxe7 31. a4 Kf7
32. Kg2 Bf8 33. Kf3 Ne8 34. Bc8 b6 35. a5 Be7 36. axb6 axb6
37. Ke4 Ng7 38. f3 h5 39. Bd7 Kg6 40. Bc8 Bd8 41. Bf5+ Kf7
42. Be1 hxg4 43. fxg4 Be7 44. Bg3 Bf8 45. Kd3 Nxf5 46. gxf5
Ke7 47. Kc3 Kd7 48. Kb3 Kc7 49. Ka4 Kb7 50. Kb5 Be7 51. h4
gxh4 52. Bxh4 Bd8 53. Bg3 Be7 54. Bf4 Bf8 55. Bd2 Bg7 56. Be3
Bf8 57. Bf4 Kc7 58. Ka6 Bg7 59. Be3 Bf8 60. b4 cxb4 61. Bxb6+
Kd7 62. Bd4 Bh6 63. Kb5 Bd2 64. Ka4 Ke7 65. Bb6 Kf7 66. Bc7
Ke7 67. Kb3 Kd7 68. Ba5 Bf4 69. Bxb4 Ke7 70. c5 dxc5 71. Bxc5+
Kd7 72. Kc4 Bg5 73. Kd4 Bh4 74. Ke4 Bg3 75. Kf3 Bd6 76. Bd4
Be7 77. Bc3 Bd8 78. Bb4 Bc7 79. Kg4 Bd6 80. Bc3 Bc5 81. Bxf6
Kd6 82. Kg5 Kxd5 83. Bc3 Be7+ 84. Bf6 Bc5 85. Bd8 Kd6 86. Kg6
Bd4 87. Bf6 Bf2 88. Kf7 Kd7 89. Bg5 Bd4 90. Bh6 Kd6 91. Bg7
Bf2 92. Bf8+ Ke5 93. Kg6 Bh4 94. Bg7+ Kd5 95. Bc3 Kd6 96. Bb4+
Kd7 97. Kf7 Bf2 98. Bc3 Bh4 99. Bf6 Bf2 100. Bg7 Kd6 101. Bf8+
Ke5 102. Kg6 Bh4 103. Bh6 Kd6 104. Bg5 Bg3 105. f6 Ke6 106. f7
Bd6 107. Kg7 Kf5 108. Bh6 Bc5 109. Kg8 Kg6 110. Bf8 Be3
111. Bb4 Bh6 112. Bd2 Bg7 113. Bg5 1-0

[Event "European Individual Championships"]
[Site "Legnica POL"]
[Date "2013.05.14"]
[EventDate "2013.05.05"]
[Round "9.95"]
[Result "1-0"]
[White "Milan Pacher"]
[Black "Betul Cemre Yildiz"]
[WhiteElo "2470"]
[BlackElo "2325"]
[PlyCount "63"]

1. d4 d5 2. c4 dxc4 3. Nf3 Nf6 4. Nc3 a6 5. e4 b5 6. e5 Nd5
7. a4 e6 8. axb5 Nb6 9. Be3 Qd7 10. bxa6 Rxa6 11. Rc1 Nc6
12. Be2 Ra8 13. O-O Be7 14. Qc2 O-O 15. Rfd1 Nb4 16. Qe4 Ba6
17. Qg4 Rfb8 18. Ne4 N4d5 19. Bh6 g6 20. Bg5 Na4 21. Qh4 Bf8
22. Bh6 c3 23. Bxf8 Kxf8 24. Nf6 Qd8 25. Ng5 Nxf6 26. exf6 Ke8
27. Bf3 Qxf6 28. Bxa8 Rxa8 29. d5 Be2 30. dxe6 fxe6 31. Qe4
Ra5 32. Qc6+ 1-0

[Event "European Individual Women's Championship"]
[Site "Belgrade SRB"]
[Date "2013.07.23"]
[EventDate "2013.07.23"]
[Round "1.72"]
[Result "1-0"]
[White "Betul Cemre Yildiz"]
[Black "Amalija Pihajlic"]
[WhiteElo "2287"]
[BlackElo "1882"]
[PlyCount "67"]

1. e4 e6 2. d4 d5 3. Nd2 Nc6 4. Ngf3 Nf6 5. e5 Nd7 6. Bd3 Nb4
7. Be2 c5 8. c3 Nc6 9. O-O f6 10. Re1 fxe5 11. Nxe5 Ndxe5
12. dxe5 Nxe5 13. Bh5+ Ng6 14. Nf3 Bd6 15. Bg5 Be7 16. Qd3 O-O
17. Bxg6 hxg6 18. Bxe7 Qxe7 19. Qxd5 Rf5 20. Qe4 Qf6 21. Rad1
Rb8 22. Qd3 Rd5 23. Qe3 Rf5 24. Ne5 b6 25. f3 Rb7 26. Qe4 Rc7
27. Ng4 Qg5 28. Rd6 Rcf7 29. Red1 Rf8 30. Qe3 Qxe3+ 31. Nxe3
Re5 32. Kf2 Bb7 33. Rd7 Bd5 34. c4 1-0

[Event "European Individual Women's Championship"]
[Site "Belgrade SRB"]
[Date "2013.07.24"]
[EventDate "2013.07.23"]
[Round "2.22"]
[Result "1-0"]
[White "Ekaterina Kovalevskaya"]
[Black "Betul Cemre Yildiz"]
[WhiteElo "2407"]
[BlackElo "2287"]
[PlyCount "99"]

1. c4 e5 2. g3 Nf6 3. Bg2 d5 4. cxd5 Nxd5 5. Nf3 Nc6 6. O-O
Nb6 7. b3 Be7 8. Bb2 f6 9. d4 exd4 10. Nxd4 Nxd4 11. Bxd4 c6
12. Nc3 Be6 13. e4 O-O 14. Ne2 Bd6 15. Qc2 Nd7 16. Rad1 Qe7
17. Be3 g6 18. Nd4 Bc7 19. Nxe6 Qxe6 20. Kh1 Bb6 21. Bc1 Rad8
22. f4 Qe7 23. Bb2 Rfe8 24. g4 Qc5 25. Qe2 Bc7 26. Qf3 Rf8
27. Rc1 Qe7 28. g5 fxg5 29. Qc3 Qf6 30. Qc4+ Qf7 31. Qc3 Qf6
32. e5 Qe6 33. Rcd1 Nb6 34. fxg5 Rxf1+ 35. Rxf1 Nd7 36. Bh3
Qd5+ 37. Bg2 Qe6 38. Rd1 Nf8 39. Re1 Bb6 40. Qf3 Bd4 41. Bxd4
Rxd4 42. Bh3 Qf7 43. Qc3 Rf4 44. e6 Qe7 45. Qe3 Rh4 46. Rf1 h6
47. gxh6 Nh7 48. Rf7 Qd6 49. e7 Qd5+ 50. Rf3 1-0

[Event "European Individual Women's Championship"]
[Site "Belgrade SRB"]
[Date "2013.07.25"]
[EventDate "2013.07.23"]
[Round "3.45"]
[Result "1/2-1/2"]
[White "Betul Cemre Yildiz"]
[Black "Lena Miladinovic"]
[WhiteElo "2287"]
[BlackElo "2083"]
[PlyCount "108"]

1. d4 Nf6 2. Nf3 e6 3. c4 Bb4+ 4. Nbd2 d6 5. g3 Nc6 6. Bg2 a5
7. O-O e5 8. Nb1 exd4 9. Nxd4 Nxd4 10. Qxd4 h6 11. Nc3 Bc5
12. Qd1 O-O 13. b3 Re8 14. Bb2 Qe7 15. Qc2 Rb8 16. e3 Bd7
17. Rad1 Bg4 18. Rc1 Bd7 19. h3 Bc6 20. Bxc6 bxc6 21. Qf5 Ne4
22. Na4 Qe6 23. Qxe6 Rxe6 24. Kg2 Ree8 25. Rc2 Bb4 26. Bd4 Bc5
27. Rd1 Bxd4 28. Rxd4 c5 29. Rd3 Nf6 30. Nc3 Nd7 31. f4 f5
32. Kf3 Nf6 33. g4 g6 34. Nd5 fxg4+ 35. hxg4 Nxd5 36. Rxd5 a4
37. Rd3 axb3 38. Rxb3 Rxb3 39. axb3 Rb8 40. Rb2 Kf7 41. Ke4
Re8+ 42. Kd3 Rb8 43. Kc3 Re8 44. Re2 Ra8 45. Kb2 Ke6 46. Rh2
Rh8 47. Kc3 Kf7 48. b4 Re8 49. bxc5 Rxe3+ 50. Kd4 Rf3 51. Ke4
Rc3 52. cxd6 cxd6 53. Kd5 Rd3+ 54. Ke4 Rc3 1/2-1/2

[Event "European Individual Women's Championship"]
[Site "Belgrade SRB"]
[Date "2013.07.26"]
[EventDate "2013.07.23"]
[Round "4.47"]
[Result "0-1"]
[White "Sara Jacimovic"]
[Black "Betul Cemre Yildiz"]
[WhiteElo "1971"]
[BlackElo "2287"]
[PlyCount "100"]

1. e4 e5 2. Nf3 Nc6 3. Bb5 a6 4. Ba4 Nge7 5. O-O g6 6. d4 exd4
7. Nxd4 Bg7 8. c3 O-O 9. Bg5 h6 10. Bh4 Qe8 11. f4 Nxd4
12. cxd4 b5 13. Bc2 Nc6 14. e5 d6 15. Nc3 dxe5 16. dxe5 Qd7
17. Nd5 Re8 18. Bf6 Bf8 19. Rc1 Bb7 20. Be4 Rab8 21. Qd3 Nb4
22. Nxb4 Qxd3 23. Bxd3 Bxb4 24. f5 g5 25. h4 Be7 26. Bxe7 Rxe7
27. hxg5 hxg5 28. e6 Rd8 29. Rcd1 Rd6 30. Bc2 fxe6 31. f6 Red7
32. Rxd6 cxd6 33. Bg6 Rc7 34. Kf2 Rc4 35. g3 Be4 36. Bh5 Rc2+
37. Ke3 Bd5 38. b3 b4 39. f7+ Kf8 40. Rf6 Rc8 41. Kd4 a5
42. Rh6 Kg7 43. Rg6+ Kxf7 44. Rxg5+ Kf8 45. Rg6 Rc2 46. Rf6+
Kg7 47. Rf7+ Kh6 48. Bf3 Kg6 49. Rf8 Kg7 50. Bxd5 e5+ 0-1

[Event "European Individual Women's Championship"]
[Site "Belgrade SRB"]
[Date "2013.07.27"]
[EventDate "2013.07.23"]
[Round "5.27"]
[Result "1-0"]
[White "Betul Cemre Yildiz"]
[Black "Ketevan Arakhamia-Grant"]
[WhiteElo "2287"]
[BlackElo "2385"]
[PlyCount "113"]

1. Nf3 Nf6 2. d4 g6 3. g3 Bg7 4. Bg2 O-O 5. c4 d6 6. O-O Nc6
7. Nc3 a6 8. Bf4 Nd7 9. Qd2 e5 10. dxe5 dxe5 11. Bh6 Nb6
12. Qxd8 Rxd8 13. Bxg7 Kxg7 14. b3 f6 15. Rfd1 Bf5 16. Ne1 Nd7
17. Nd5 Rac8 18. Ne3 Be6 19. Nd3 a5 20. Rd2 Kf7 21. Rad1 Ke8
22. Nd5 f5 23. Nc3 e4 24. Nf4 Nc5 25. Nb5 Rxd2 26. Rxd2 Bf7
27. Nd5 Ne6 28. g4 Kf8 29. gxf5 gxf5 30. Bh3 Bg6 31. Ne3 Ne7
32. Nd4 Nxd4 33. Rxd4 Ke8 34. Nd5 Nc6 35. Rxe4+ fxe4 36. Bxc8
b6 37. Bh3 Kd8 38. Nc3 Ne5 39. Bg2 e3 40. f4 Ng4 41. Be4 Nf2
42. Bxg6 Nh3+ 43. Kf1 hxg6 44. Nd5 c6 45. Kg2 cxd5 46. Kxh3 d4
47. Kg3 Kd7 48. Kf3 Kd6 49. Ke4 Kc5 50. Kd3 Kb4 51. h4 Ka3
52. f5 gxf5 53. h5 f4 54. h6 f3 55. exf3 Kb2 56. h7 e2
57. Kxe2 1-0

[Event "European Individual Women's Championship"]
[Site "Belgrade SRB"]
[Date "2013.07.28"]
[EventDate "2013.07.23"]
[Round "6.1"]
[Result "1/2-1/2"]
[White "Marina Romanko Nechaeva"]
[Black "Betul Cemre Yildiz"]
[WhiteElo "2368"]
[BlackElo "2287"]
[PlyCount "115"]

1. d4 d5 2. c4 dxc4 3. e4 e5 4. Nf3 Bb4+ 5. Nc3 exd4 6. Nxd4
Ne7 7. Bxc4 Nbc6 8. Be3 Nxd4 9. Bxd4 O-O 10. O-O Nc6 11. Be3
Qxd1 12. Rfxd1 Bxc3 13. bxc3 Be6 14. Bxe6 fxe6 15. Kf1 Rad8
16. Ke2 h6 17. h4 b6 18. h5 Na5 19. Rxd8 Rxd8 20. Bf4 c5
21. Rh1 Nc4 22. Rh3 e5 23. Bc1 Kf7 24. Rf3+ Ke6 25. Rg3 Kf7
26. Rf3+ Ke6 27. Rg3 Kf7 28. Rg6 Rd6 29. Rxd6 Nxd6 30. Kd3 Ke6
31. c4 Ne8 32. f3 Nf6 33. g4 Nd7 34. Bb2 Nb8 35. a4 Nc6
36. Bc1 Nd4 37. Ke3 Nc2+ 38. Kd3 Nd4 39. Ke3 Nc2+ 40. Kf2 Nb4
41. Ke2 Nc6 42. g5 hxg5 43. Bxg5 Na5 44. Kd3 Nc6 45. f4 exf4
46. Bxf4 Nb4+ 47. Ke3 Nc6 48. Bg3 Na5 49. Kd3 Nc6 50. Bf4 Nb4+
51. Ke2 Nc6 52. Bd2 Kf6 53. Kf2 Nd4 54. Bf4 Nc6 55. Ke3 Na5
56. Kd3 Nc6 57. Ke3 Na5 58. Kd3 1/2-1/2

[Event "European Individual Women's Championship"]
[Site "Belgrade SRB"]
[Date "2013.07.29"]
[EventDate "2013.07.23"]
[Round "7.18"]
[Result "1/2-1/2"]
[White "Betul Cemre Yildiz"]
[Black "Inna Gaponenko"]
[WhiteElo "2287"]
[BlackElo "2393"]
[PlyCount "30"]

1. d4 Nf6 2. Nf3 g6 3. g3 Bg7 4. Bg2 O-O 5. c4 d6 6. O-O Nc6
7. Nc3 Bf5 8. b3 Ne4 9. Nd5 a5 10. a3 e6 11. Ne3 Nc3 12. Qd2
Ne4 13. Qd1 Nc3 14. Qd2 Ne4 15. Qd1 Nc3 1/2-1/2

[Event "European Individual Women's Championship"]
[Site "Belgrade SRB"]
[Date "2013.07.31"]
[EventDate "2013.07.23"]
[Round "8.17"]
[Result "1-0"]
[White "Sopiko Guramishvili"]
[Black "Betul Cemre Yildiz"]
[WhiteElo "2421"]
[BlackElo "2287"]
[PlyCount "55"]

1. Nf3 d5 2. g3 Nf6 3. Bg2 c5 4. O-O Nc6 5. d4 Bg4 6. Ne5 cxd4
7. Nxg4 Nxg4 8. e3 Nf6 9. exd4 e6 10. Be3 Be7 11. Nd2 O-O
12. c4 dxc4 13. Nxc4 Nd5 14. Qe2 Bf6 15. Rfd1 Qe7 16. Ne5 Nxe5
17. dxe5 Bxe5 18. Bxd5 exd5 19. Rxd5 Bf6 20. Rad1 a6 21. Qf3
Qe6 22. Rd6 Qxa2 23. Rxf6 gxf6 24. Qg4+ Kh8 25. Bd4 Qe6
26. Qf4 Rg8 27. Bxf6+ Rg7 28. Qg5 1-0

[Event "European Individual Women's Championship"]
[Site "Belgrade SRB"]
[Date "2013.08.01"]
[EventDate "2013.07.23"]
[Round "9.17"]
[Result "1-0"]
[White "Betul Cemre Yildiz"]
[Black "Cristina-Adela Foisor"]
[WhiteElo "2287"]
[BlackElo "2387"]
[PlyCount "81"]

1. Nf3 g6 2. d4 Bg7 3. g3 Nf6 4. Bg2 O-O 5. c4 c6 6. O-O d6
7. Nc3 Bf5 8. Ne1 e5 9. d5 cxd5 10. Nxd5 Nxd5 11. Bxd5 Nc6
12. e4 Bh3 13. Ng2 h5 14. Be3 Qd7 15. Qd2 Kh7 16. Rad1 Rac8
17. f3 Ne7 18. b3 b6 19. a4 Rc7 20. Rf2 Ng8 21. Qd3 Ne7
22. Ra2 Bxg2 23. Kxg2 Bh6 24. Bf2 Rb8 25. Qe2 Kg7 26. Rd3 Qe8
27. Qd1 Bg5 28. Be1 Ng8 29. Bc3 Kh7 30. a5 Be7 31. axb6 axb6
32. f4 Bf8 33. Rf2 Bg7 34. Rdf3 Nh6 35. f5 gxf5 36. Rxf5 Nxf5
37. Rxf5 Kg8 38. Qxh5 Kf8 39. Qh7 Qd8 40. Bd2 Bf6 41. Bg5 1-0

[Event "European Individual Women's Championship"]
[Site "Belgrade SRB"]
[Date "2013.08.02"]
[EventDate "2013.07.23"]
[Round "10.21"]
[Result "1/2-1/2"]
[White "Betul Cemre Yildiz"]
[Black "Ana Matnadze"]
[WhiteElo "2287"]
[BlackElo "2412"]
[PlyCount "94"]

1. d4 Nf6 2. Nf3 e6 3. c4 b6 4. g3 Bb7 5. Bg2 Be7 6. O-O O-O
7. Re1 d5 8. cxd5 exd5 9. Nc3 Ne4 10. Qc2 Nd7 11. Bf4 Nxc3
12. bxc3 Bd6 13. Ng5 g6 14. e3 Bxf4 15. exf4 Nf6 16. f5 Kg7
17. fxg6 hxg6 18. Nh3 Bc8 19. Nf4 Bf5 20. Qb3 c6 21. c4 dxc4
22. Qxc4 Rc8 23. Qa4 Qd7 24. Rac1 b5 25. Qb4 Rfd8 26. Re7 c5
27. Qe1 Qxd4 28. Ne6+ Bxe6 29. Qxe6 Rf8 30. Qe5 Qxe5 31. Rxe5
Rfd8 32. Bh3 Rc7 33. Rcxc5 Rxc5 34. Rxc5 Rd1+ 35. Kg2 Rd2
36. Rxb5 Rxa2 37. Rb7 Ne4 38. Kg1 Kf6 39. Bf1 Nd6 40. Rc7 g5
41. Rc6 Ke7 42. Rc7+ Kd8 43. Rc5 g4 44. h4 gxh3 45. Bxh3 Rxf2
46. Ra5 Rb2 47. Rxa7 Rb7 1/2-1/2

[Event "European Individual Women's Championship"]
[Site "Belgrade SRB"]
[Date "2013.08.03"]
[EventDate "2013.07.23"]
[Round "11.24"]
[Result "1/2-1/2"]
[White "Nino Batsiashvili"]
[Black "Betul Cemre Yildiz"]
[WhiteElo "2405"]
[BlackElo "2287"]
[PlyCount "125"]

1. Nf3 d5 2. g3 Nf6 3. Bg2 g6 4. O-O Bg7 5. c4 c6 6. cxd5 cxd5
7. d3 O-O 8. Qb3 Nc6 9. Nc3 e6 10. Bd2 Qe7 11. Rfc1 Rd8 12. d4
Ne4 13. e3 Nd6 14. Na4 Bd7 15. Be1 Rdc8 16. Nc5 Be8 17. a4 Rc7
18. a5 Rac8 19. Bc3 Nb8 20. Bf1 Qf6 21. Ne5 Nc6 22. f4 Qe7
23. Nf3 Nf5 24. Re1 h5 25. Rad1 Nd6 26. Rd2 Qd8 27. Rg2 Re7
28. a6 b6 29. Nd3 Ne4 30. Rc1 Rec7 31. Nfe5 Ne7 32. Nf2 Nxf2
33. Rxf2 Nf5 34. Re1 Nd6 35. Rc2 Bd7 36. Rec1 Qe8 37. Nxd7
Qxd7 38. Bb4 Bf8 39. Rxc7 Rxc7 40. Rxc7 Qxc7 41. Qc3 Qxc3
42. Bxc3 Ne4 43. Be1 f5 44. Kg2 Kf7 45. Kf3 Bd6 46. h3 Nf6
47. Ke2 Ke7 48. Kd1 Kd8 49. Bb5 Be7 50. Ke2 Bd6 51. Kf3 Be7
52. Kg2 Kc7 53. b4 Bd6 54. Be2 Kc6 55. b5+ Kd7 56. g4 hxg4
57. hxg4 Ke7 58. Kh3 Kf7 59. Bh4 Be7 60. gxf5 gxf5 61. Bf3 Kg6
62. Be1 Bd6 63. Bh4 1/2-1/2

[Event "European Team Championship (Women)"]
[Site "Warsaw POL"]
[Date "2013.11.08"]
[EventDate "2013.11.08"]
[Round "1.12"]
[Result "1/2-1/2"]
[White "Natascha Bojkovic"]
[Black "Betul Cemre Yildiz"]
[WhiteElo "2405"]
[BlackElo "2291"]
[PlyCount "109"]

1. e4 e5 2. Nf3 Nc6 3. Bb5 a6 4. Ba4 Nf6 5. O-O b5 6. Bb3 Bb7
7. d3 Bd6 8. a3 h6 9. Nc3 O-O 10. Ne2 Re8 11. Ng3 Bf8 12. Bd2
d5 13. exd5 Nxd5 14. Re1 Nd4 15. Nxd4 exd4 16. Rxe8 Qxe8
17. Qf3 Qd8 18. Re1 Rb8 19. Qg4 Nf6 20. Qf4 c5 21. Nf5 Bd5
22. Bxd5 Nxd5 23. Qe5 Kh7 24. h3 g6 25. Ng3 Bg7 26. Qe4 Qd7
27. Qf3 Nf6 28. Ne4 Nxe4 29. Qxe4 Rb6 30. Qe7 Qxe7 31. Rxe7
Re6 32. Rxe6 fxe6 33. Kf1 g5 34. g4 Kg6 35. f4 gxf4 36. Bxf4
e5 37. Bd2 Bf8 38. Ke2 c4 39. Bb4 Bxb4 40. axb4 Kg5 41. Kf3
Kh4 42. Kg2 c3 43. bxc3 dxc3 44. Kh2 a5 45. g5 Kxg5 46. bxa5
b4 47. a6 b3 48. cxb3 c2 49. a7 c1=Q 50. a8=Q Qf4+ 51. Kg2
Qd2+ 52. Kg3 Qf4+ 53. Kg2 Qd2+ 54. Kg3 Qf4+ 55. Kg2 1/2-1/2

[Event "European Team Championship (Women)"]
[Site "Warsaw POL"]
[Date "2013.11.09"]
[EventDate "2013.11.08"]
[Round "2.16"]
[Result "1-0"]
[White "Betul Cemre Yildiz"]
[Black "Olga Dolzhikova"]
[WhiteElo "2291"]
[BlackElo "2198"]
[PlyCount "103"]

1. d4 Nf6 2. c4 e6 3. Nf3 Be7 4. g3 O-O 5. Bg2 d5 6. Qc2 a6
7. cxd5 Nxd5 8. O-O Nd7 9. e4 Nb4 10. Qb3 c5 11. Be3 Nc6
12. Rd1 cxd4 13. Nxd4 Nxd4 14. Bxd4 Qa5 15. Nd2 e5 16. Nc4 Qc7
17. Bb6 Qb8 18. Rac1 a5 19. Qb5 Nxb6 20. Nxb6 Ra6 21. Nxc8
Rxc8 22. Rxc8+ Qxc8 23. Qxe5 Bf8 24. Bf1 Ra8 25. Qd5 Qc7
26. Bc4 Rc8 27. b3 b6 28. Qf5 g6 29. Bxf7+ Kh8 30. Qe6 Bg7
31. Rd7 Qc3 32. Qd5 Rf8 33. Rd8 Qf6 34. Rxf8+ Bxf8 35. e5 Qf5
36. Be6 Qc2 37. Qf3 Qc1+ 38. Kg2 Qh6 39. Bc4 Bc5 40. Qd5 Qf8
41. f4 Kg7 42. Kf3 Bg1 43. Qd7+ Kh8 44. g4 Bc5 45. f5 gxf5
46. gxf5 Qh6 47. Qe8+ Bf8 48. Ke4 Qg7 49. Kd5 Qg8+ 50. Kc6
Qg2+ 51. Kb5 Qg7 52. f6 1-0

[Event "European Team Championship (Women)"]
[Site "Warsaw POL"]
[Date "2013.11.16"]
[EventDate "2013.11.08"]
[Round "8.15"]
[Result "0-1"]
[White "Laura Savola"]
[Black "Betul Cemre Yildiz"]
[WhiteElo "2076"]
[BlackElo "2291"]
[PlyCount "86"]

1. d4 Nf6 2. c4 e6 3. Nf3 b6 4. g3 Ba6 5. b3 d5 6. Bg2 dxc4
7. Ne5 Bb4+ 8. Kf1 Bd6 9. Bxa8 Bxe5 10. Bb2 c6 11. Na3 Qd5
12. Kg1 Bd6 13. bxc4 Bxc4 14. Nxc4 Qxc4 15. Rc1 Qb5 16. Qc2
O-O 17. Kg2 Be7 18. Rhe1 Nd5 19. Ba1 Qa5 20. e4 Nb4 21. Qc3
Qb5 22. Qc4 Qa4 23. Re2 Rc8 24. d5 e5 25. Bxe5 Nd7 26. Bxg7
Rxa8 27. dxc6 Nc5 28. Bc3 Nxc6 29. Qd5 Rd8 30. Qh5 Nd4 31. Re3
Qxa2 32. Qg4+ Kf8 33. Rd1 Qe6 34. Qh5 Nc2 35. Rxd8+ Bxd8
36. Rf3 Nxe4 37. Qxh7 Bf6 38. Bxf6 Ne1+ 39. Kh1 Nxf6 40. Qh8+
Ng8 41. Rc3 Qe4+ 42. f3 Nxf3 43. Kg2 Qe2+ 0-1

[Event "European Team Championship (Women)"]
[Site "Warsaw POL"]
[Date "2013.11.17"]
[EventDate "2013.11.08"]
[Round "9.14"]
[Result "1-0"]
[White "Betul Cemre Yildiz"]
[Black "Borka Franciskovic"]
[WhiteElo "2291"]
[BlackElo "2263"]
[PlyCount "127"]

1. d4 Nf6 2. c4 e6 3. Nf3 Bb4+ 4. Nbd2 b6 5. a3 Bxd2+ 6. Qxd2
Bb7 7. e3 a5 8. b3 d6 9. Be2 Nbd7 10. O-O O-O 11. Bb2 Qe7
12. b4 Rfc8 13. Rfc1 c5 14. Qe1 axb4 15. axb4 Ne4 16. Rxa8
Rxa8 17. Ra1 Qd8 18. dxc5 dxc5 19. Qd1 Rxa1 20. Bxa1 Qe7
21. b5 Qd6 22. Ne5 Nxe5 23. Bxe5 Qe7 24. f3 f6 25. Bb2 Nd6
26. Qa1 Qc7 27. Bd3 e5 28. Qb1 h6 29. Be2 Bc8 30. f4 exf4
31. exf4 Be6 32. Qa2 Qb8 33. Qa4 Nf5 34. g3 Nd4 35. Bxd4 cxd4
36. Qa1 Qd8 37. Bd3 Bh3 38. Qe1 Qa8 39. Be4 Qa2 40. Bd5+ Kh7
41. g4 Bxg4 42. Qe4+ f5 43. Qxd4 Bh3 44. Qd3 Bg4 45. h3 Bh5
46. Be6 Bg6 47. Bxf5 Bxf5 48. Qxf5+ Kh8 49. Qe4 Qa3 50. Kg2
Qd6 51. Kg3 Qd1 52. Qd5 Qg1+ 53. Kf3 Qf1+ 54. Kg4 Qe2+ 55. Kf5
Qh5+ 56. Ke6 Qxh3+ 57. Kf7 Qc8 58. Qe6 Qc7+ 59. Kg6 Qd8
60. Qe5 Qf8 61. c5 bxc5 62. b6 Kg8 63. Qe6+ Kh8 64. b7 1-0

[Event "European Individual Women's Championship"]
[Site "Plovdiv BUL"]
[Date "2014.07.06"]
[EventDate "2014.07.06"]
[Round "1.49"]
[Result "1/2-1/2"]
[White "Betul Cemre Yildiz"]
[Black "Liliana Olea"]
[WhiteElo "2312"]
[BlackElo "1951"]
[PlyCount "96"]

1. e4 e5 2. Nf3 Nc6 3. d4 exd4 4. Nxd4 Bc5 5. Nb3 Bb4+ 6. c3
Be7 7. g3 d6 8. Bg2 Nf6 9. O-O Bg4 10. f3 Bd7 11. Na3 Qc8
12. Nd4 Ne5 13. f4 Ng6 14. Qd3 Bh3 15. Nf5 Bxg2 16. Kxg2 O-O
17. Bd2 Qd7 18. Rae1 d5 19. Nxe7+ Nxe7 20. e5 Ne8 21. f5 c5
22. Bg5 f6 23. exf6 Nxf6 24. Re5 Rad8 25. Rfe1 Nc6 26. Re6 d4
27. c4 Rde8 28. Nb5 a6 29. Bxf6 gxf6 30. Rxe8 Rxe8 31. Rxe8+
Qxe8 32. Nc7 Qe5 33. Ne6 Ne7 34. g4 Nc8 35. Qf3 Nd6 36. b3 Ne4
37. Qf4 Qxf4 38. Nxf4 Nc3 39. a4 Kf7 40. Nd3 Ne4 41. Nc1 Ke7
42. Kf3 Nc3 43. Nd3 Kd6 44. h4 h6 45. Kf4 Ne2+ 46. Kf3 Nc3
47. Kf4 Ne2+ 48. Kf3 Nc3 1/2-1/2

[Event "European Individual Women's Championship"]
[Site "Plovdiv BUL"]
[Date "2014.07.07"]
[EventDate "2014.07.06"]
[Round "2.35"]
[Result "0-1"]
[White "Ekaterina Litvinenko"]
[Black "Betul Cemre Yildiz"]
[WhiteElo "1978"]
[BlackElo "2312"]
[PlyCount "84"]

1. e4 e5 2. Nf3 Nc6 3. Bb5 a6 4. Ba4 Nf6 5. O-O b5 6. Bb3 Bb7
7. d3 Be7 8. Re1 O-O 9. Nbd2 h6 10. Nf1 Re8 11. Ng3 Bf8 12. c3
Na5 13. Bc2 c5 14. d4 cxd4 15. cxd4 d5 16. dxe5 Nxe4 17. Bf4
g5 18. Be3 Bg7 19. Nf5 Nc6 20. Nxg7 Kxg7 21. Nd4 Nxe5 22. Nf5+
Kg6 23. Ng3 Kg7 24. Bd4 Kg8 25. Qh5 Qf6 26. f3 Nxf3+ 27. Qxf3
Qxd4+ 28. Qe3 Qxe3+ 29. Rxe3 Nxg3 30. Rxg3 Rac8 31. Bd3 d4
32. Rg4 Rcd8 33. Rd1 Bc8 34. Rg3 Be6 35. b3 Rd6 36. Rf1 Kg7
37. Rgf3 Bd5 38. Rf5 Re3 39. Bb1 d3 40. Rd1 Be4 41. Rf2 Rf6
42. Rfd2 Re2 0-1

[Event "Chess Olympiad (Women)"]
[Site "Tromso NOR"]
[Date "2014.08.03"]
[EventDate "2014.08.02"]
[Round "2.23"]
[Result "1/2-1/2"]
[White "Pia Cramling"]
[Black "Betul Cemre Yildiz"]
[WhiteElo "2500"]
[BlackElo "2296"]
[PlyCount "132"]

1. Nf3 Nf6 2. g3 b5 3. Bg2 d5 4. b3 e6 5. c4 b4 6. O-O Bb7
7. Bb2 Nbd7 8. d3 Be7 9. cxd5 exd5 10. Nd4 O-O 11. Nf5 Re8
12. Nxe7+ Qxe7 13. Re1 a5 14. Nd2 a4 15. Rc1 Qd6 16. Qc2 c6
17. e4 axb3 18. axb3 Qb8 19. h3 Ra5 20. Qb1 h6 21. Nf3 dxe4
22. dxe4 c5 23. Nd2 Qa8 24. Nc4 Ra6 25. Rcd1 Ree6 26. f3 Nf8
27. Qd3 Ra2 28. Ra1 Rxa1 29. Rxa1 Qb8 30. Kh2 Nh5 31. f4 Rg6
32. Be5 Qe8 33. g4 Nf6 34. Nd6 Qc6 35. Nxb7 Qxb7 36. Bxf6 gxf6
37. Qd8 Qd7 38. Ra8 Qxd8 39. Rxd8 h5 40. Bf3 hxg4 41. hxg4 Kg7
42. f5 Rh6+ 43. Kg3 Nh7 44. Bg2 Ng5 45. Kf4 Rh2 46. Rd2 Rh8
47. e5 fxe5+ 48. Kxe5 f6+ 49. Kf4 Re8 50. Rd7+ Kf8 51. Rd6 Kg7
52. Rd7+ Kf8 53. Bd5 Re5 54. Bc4 Re4+ 55. Kg3 Re3+ 56. Kg2 Re5
57. Rc7 Ke8 58. Bb5+ Kf8 59. Bc4 Ke8 60. Rg7 Kf8 61. Rg8+ Ke7
62. Rg7+ Kf8 63. Rg6 Ke7 64. Rg8 Re4 65. Kg3 Re3+ 66. Kg2 Re4
1/2-1/2

[Event "Chess Olympiad (Women)"]
[Site "Tromso NOR"]
[Date "2014.08.04"]
[EventDate "2014.08.02"]
[Round "3.11"]
[Result "1/2-1/2"]
[White "Betul Cemre Yildiz"]
[Black "Antoaneta Stefanova"]
[WhiteElo "2296"]
[BlackElo "2505"]
[PlyCount "39"]

1. d4 d6 2. Nf3 g6 3. g3 Bg7 4. Bg2 Nd7 5. O-O e6 6. c4 Ne7
7. Nc3 O-O 8. e4 a6 9. Re1 b6 10. Be3 h6 11. Qd2 Kh7 12. Rad1
Bb7 13. h4 b5 14. cxb5 axb5 15. a3 c6 16. Qc2 Kh8 17. Qc1 Kh7
18. Qc2 Kh8 19. Qc1 Kh7 20. Qc2 1/2-1/2